[Event "European Blitz 2015"]
[Site "Minsk BLR"]
[Date "2015.12.18"]
[Round "16.18"]
[White "Kovalev, Vladislav"]
[Black "Polivanov, Anatoliy"]
[Result "1-0"]
[WhiteTitle "GM"]
[BlackTitle "IM"]
[WhiteElo "2546"]
[BlackElo "2426"]
[WhiteFideId "13504398"]
[BlackFideId "14109468"]
[EventDate "2015.12.18"]
[EventType "swiss (blitz)"]

1. d4 g6 2. e4 Bg7 3. Nc3 d6 4. Nf3 a6 5. a4 b6 6. Be3 e6 7. h3 Bb7 8. Bd3 Nd7
9. Qd2 h6 10. Ne2 Ngf6 11. Ng3 d5 12. e5 Ne4 13. Qe2 c5 14. c3 Qe7 15. O-O O-O
16. Nd2 Nxg3 17. fxg3 cxd4 18. cxd4 Qb4 19. Nf3 Nb8 20. Nh2 Nc6 21. Qf2 f5 22.
Nf3 Na5 23. Nh4 Kh7 24. g4 Nc4 25. gxf5 exf5 26. Bc1 Nxe5 27. dxe5 Bxe5 28. Nf3
Bf6 29. Bd2 Qb3 30. Bc3 d4 31. Nxd4 Qd5 32. Be2 Rad8 33. Bf3 Bxd4 34. Bxd4 Qxd4
35. Qxd4 Rxd4 36. Bxb7 a5 37. Rfd1 Rb4 38. Rd7+ Kh8 39. Re1 Rxb2 40. Ree7 Rb1+
41. Kh2 1-0

[Event "European Blitz 2015"]
[Site "Minsk BLR"]
[Date "2015.12.18"]
[Round "16.19"]
[White "Sychev, Klementy"]
[Black "Navara, David"]
[Result "1/2-1/2"]
[WhiteTitle "IM"]
[BlackTitle "GM"]
[WhiteElo "2415"]
[BlackElo "2730"]
[WhiteFideId "4114060"]
[BlackFideId "309095"]
[EventDate "2015.12.18"]
[EventType "swiss (blitz)"]

1. d4 Nf6 2. c4 e6 3. Nf3 b6 4. g3 Ba6 5. Qc2 Bb7 6. Bg2 c5 7. d5 exd5 8. cxd5
Nxd5 9. O-O Nc6 10. Rd1 Be7 11. Qa4 Nf6 12. Nh4 g6 13. Bh6 Bf8 14. Bg5 Bg7 15.
Nc3 h6 16. Bf4 O-O 17. Nb5 Ne8 18. Rd2 g5 19. Rad1 a6 20. Nd6 Nxd6 21. Bxd6 b5
22. Qa3 gxh4 23. Bxf8 Bxf8 24. Rxd7 Qb6 25. Qf3 Nd8 26. Qg4+ Kh8 27. Rxd8 Rxd8
28. Rxd8 Qxd8 29. Bxb7 h3 30. Qxh3 Qd1+ 31. Kg2 Qxe2 32. Qf5 Kg7 33. Be4 Qxb2
34. Qh7+ Kf6 35. Qh8+ Bg7 36. Qd8+ Ke6 37. Qd5+ Ke7 38. Qb7+ Kd8 39. Qa8+ Kc7
40. Qb7+ Kd8 41. Qa8+ Kc7 42. Qb7+ 1/2-1/2

[Event "European Blitz 2015"]
[Site "Minsk BLR"]
[Date "2015.12.18"]
[Round "16.20"]
[White "Balashov, Yuri S"]
[Black "Kovalenko, Igor"]
[Result "0-1"]
[WhiteTitle "GM"]
[BlackTitle "GM"]
[WhiteElo "2408"]
[BlackElo "2680"]
[WhiteFideId "4100263"]
[BlackFideId "14117908"]
[EventDate "2015.12.18"]
[EventType "swiss (blitz)"]

1. d4 e6 2. Nf3 Nf6 3. e3 d5 4. Bd3 b6 5. O-O Bb7 6. b3 Nbd7 7. Bb2 g6 8. Nbd2
Bg7 9. Qe2 O-O 10. Rad1 a5 11. e4 Nh5 12. g3 dxe4 13. Bxe4 Bxe4 14. Nxe4 Nhf6
15. Ne5 Nxe4 16. Qxe4 Nf6 17. Qe2 a4 18. c4 Qe7 19. Rfe1 axb3 20. axb3 Qb4 21.
Qc2 Ra2 22. d5 exd5 23. cxd5 Nxd5 24. Nc6 Qg4 25. Ne5 Bxe5 26. Rxe5 Rxb2 0-1

[Event "European Blitz 2015"]
[Site "Minsk BLR"]
[Date "2015.12.18"]
[Round "16.21"]
[White "Jobava, Baadur"]
[Black "Kalinin, Michail Borisovich"]
[Result "1/2-1/2"]
[WhiteTitle "GM"]
[WhiteElo "2673"]
[BlackElo "2380"]
[WhiteFideId "13601520"]
[BlackFideId "4144104"]
[EventDate "2015.12.18"]
[EventType "swiss (blitz)"]

1. d4 d5 2. Nc3 Nf6 3. Bf4 e6 4. e3 Bd6 5. Nf3 a6 6. Bd3 Bxf4 7. exf4 Nbd7 8.
O-O c5 9. dxc5 Nxc5 10. Re1 O-O 11. Ne5 b5 12. Ne2 b4 13. Nd4 a5 14. a3 Ba6 15.
axb4 axb4 16. Bxa6 Rxa6 17. Rxa6 Nxa6 18. f5 Nc5 19. fxe6 fxe6 20. Nd3 Nxd3 21.
cxd3 Qb6 22. Nxe6 Rc8 23. h3 b3 24. Ng5 Rc2 25. Qf3 Qd8 1/2-1/2

[Event "European Blitz 2015"]
[Site "Minsk BLR"]
[Date "2015.12.18"]
[Round "16.23"]
[White "Bordovsky, Vladimir"]
[Black "Rakhmanov, Aleksandr"]
[Result "1-0"]
[BlackTitle "GM"]
[WhiteElo "2380"]
[BlackElo "2640"]
[WhiteFideId "14118467"]
[BlackFideId "4173708"]
[EventDate "2015.12.18"]
[EventType "swiss (blitz)"]

1. c4 Nf6 2. Nc3 d6 3. g3 h5 4. Nf3 e5 5. Bg2 c6 6. d3 Be7 7. b4 O-O 8. Rb1 Re8
9. a4 d5 10. cxd5 cxd5 11. Nxe5 d4 12. Nb5 a6 13. Na3 Nd5 14. Bd2 Bf6 15. Nec4
h4 16. O-O Be6 17. Nc2 b5 18. axb5 axb5 19. Na5 Ra7 20. Nb3 Nc6 21. Nc5 Bg4 22.
Re1 hxg3 23. hxg3 Rae7 24. Ne4 Re5 25. Qc1 Qe7 26. e3 dxe3 27. Nxe3 Nxe3 28.
Bxe3 Rc8 29. Bc5 Qe6 30. Qa3 Rd8 31. Qa6 Ne7 32. Qxe6 Rxe6 33. Nxf6+ gxf6 34.
Rxe6 Bxe6 35. Bxe7 Rxd3 36. Bxf6 Bc4 37. Bg5 Kg7 38. Bf1 1-0

[Event "European Blitz 2015"]
[Site "Minsk BLR"]
[Date "2015.12.18"]
[Round "16.24"]
[White "Pustovoitova, Daria"]
[Black "Kulaots, Kaido"]
[Result "1/2-1/2"]
[WhiteTitle "FM"]
[BlackTitle "GM"]
[WhiteElo "2356"]
[BlackElo "2574"]
[WhiteFideId "4182146"]
[BlackFideId "4500261"]
[EventDate "2015.12.18"]
[EventType "swiss (blitz)"]

1. d4 g6 2. e4 Bg7 3. Nc3 c6 4. f4 d5 5. e5 h5 6. h3 Nh6 7. Nf3 Nf5 8. Bd3 Qb6
9. Ne2 c5 10. c3 Nc6 11. dxc5 Qxc5 12. b4 Qb6 13. Bxf5 Bxf5 14. Qxd5 Rd8 15. Qc5
Qxc5 16. bxc5 f6 17. exf6 exf6 18. Be3 Kf7 19. Kf2 Rhe8 20. Ned4 Be4 21. Nd2
Bxg2 22. Rhb1 Re7 23. Kxg2 Rxe3 24. Rxb7+ Kg8 25. Nc4 Rxc3 26. Nxc6 Rdd3 27. Nd6
Rc2+ 28. Kg1 Rdd2 29. Ne7+ Kh7 30. Ne4 Re2 31. Nxf6+ Bxf6 32. Nd5+ Bg7 33. Nf6+
Kh6 34. Ng8+ Kh7 35. Nf6+ Kh8 36. Rb8+ Bf8 37. Rxf8+ Kg7 38. Nd7 Rg2+ 39. Kf1
Rgf2+ 40. Kg1 Rg2+ 41. Kf1 Rh2 42. Kg1 Rcg2+ 43. Kf1 Rd2 44. Kg1 Rhg2+ 45. Kf1
Rh2 46. Kg1 Rdg2+ 47. Kf1 Rd2 48. Kg1 Rdg2+ 49. Kf1 Rd2 50. Kg1 1/2-1/2

[Event "European Blitz 2015"]
[Site "Minsk BLR"]
[Date "2015.12.18"]
[Round "16.25"]
[White "Efanov, Nikolai"]
[Black "Goganov, Aleksey"]
[Result "1/2-1/2"]
[WhiteTitle "IM"]
[BlackTitle "GM"]
[WhiteElo "2399"]
[BlackElo "2597"]
[WhiteFideId "4187997"]
[BlackFideId "24109959"]
[EventDate "2015.12.18"]
[EventType "swiss (blitz)"]

1. e4 e6 2. d4 d5 3. exd5 exd5 4. Bd3 Nf6 5. Ne2 Be7 6. O-O O-O 7. h3 c5 8. c3
Nc6 9. Bf4 c4 10. Bc2 b5 11. a3 a5 12. Nd2 Be6 13. Nf3 Qd7 14. Ne5 Nxe5 15. dxe5
Ne4 16. Nd4 f5 17. exf6 Bxf6 18. Be3 Bf7 19. Qg4 Qxg4 20. hxg4 Rfb8 21. Nc6 Rb7
22. Bxe4 dxe4 23. g5 Be7 24. Nxe7+ Rxe7 25. Rfd1 1/2-1/2

[Event "European Blitz 2015"]
[Site "Minsk BLR"]
[Date "2015.12.18"]
[Round "16.26"]
[White "Djuric, Stefan"]
[Black "Landa, Konstantin"]
[Result "1/2-1/2"]
[WhiteTitle "GM"]
[BlackTitle "GM"]
[WhiteElo "2393"]
[BlackElo "2625"]
[WhiteFideId "900133"]
[BlackFideId "4101685"]
[EventDate "2015.12.18"]
[EventType "swiss (blitz)"]

1. e4 c5 2. Nf3 e6 3. Nc3 a6 4. g3 b5 5. Bg2 Bb7 6. d4 cxd4 7. Nxd4 Nf6 8. a3 b4
9. axb4 Bxb4 10. O-O O-O 11. Bg5 Qc7 12. Bxf6 gxf6 13. Qg4+ Kh8 14. Qh4 Qe5 15.
Nf3 Qc5 16. Qxf6+ Kg8 17. Qh6 f6 18. Na2 Qe7 19. Nxb4 Qxb4 20. e5 Qe7 21. Ra4
Qg7 22. Qe3 f5 23. Rh4 Nc6 24. Rd1 Rad8 25. Rd6 Ne7 26. Ng5 Bxg2 27. Rxh7 Qg6
28. Rxe7 Bc6 29. f4 Rb8 30. Nh7 Rxb2 31. Nxf8 Qh5 32. g4 Rb1+ 33. Qe1 Rxe1+ 34.
Kf2 Qxh2+ 35. Kxe1 Qg3+ 36. Kd1 Qxg4+ 37. Kc1 Qxf4+ 38. Rd2 Kxf8 1/2-1/2

[Event "European Blitz 2015"]
[Site "Minsk BLR"]
[Date "2015.12.18"]
[Round "16.27"]
[White "Aleksandrov, Aleksej"]
[Black "Fargere, Francois"]
[Result "1-0"]
[WhiteTitle "GM"]
[BlackTitle "GM"]
[WhiteElo "2615"]
[BlackElo "2424"]
[WhiteFideId "13500139"]
[BlackFideId "615935"]
[EventDate "2015.12.18"]
[EventType "swiss (blitz)"]

1. d4 d5 2. c4 c6 3. e3 Nf6 4. Nf3 Bg4 5. h3 Bh5 6. Nc3 e6 7. g4 Bg6 8. Ne5 Nbd7
9. h4 dxc4 10. Nxg6 hxg6 11. g5 Nd5 12. Bxc4 Be7 13. Qf3 Nb4 14. Kf1 Qc7 15. a3
Nd5 16. e4 N5b6 17. Ba2 Rf8 18. Bf4 Bd6 19. Be3 O-O-O 20. Rc1 a6 21. b4 Kb8 22.
Kg2 Rc8 23. h5 gxh5 24. Rxh5 Qd8 25. Rh7 f5 26. Rxg7 f4 27. Bd2 e5 28. d5 Rg8
29. Rxg8 Qxg8 30. Qg4 cxd5 31. Nxd5 Rxc1 32. Bxc1 Nxd5 33. Bxd5 Nb6 34. Bxg8 1-0

[Event "European Blitz 2015"]
[Site "Minsk BLR"]
[Date "2015.12.18"]
[Round "16.28"]
[White "Konenkin, Dmitry"]
[Black "Mikhalevski, Victor"]
[Result "1-0"]
[WhiteTitle "FM"]
[BlackTitle "GM"]
[WhiteElo "2243"]
[BlackElo "2535"]
[WhiteFideId "4185781"]
[BlackFideId "2801914"]
[EventDate "2015.12.18"]
[EventType "swiss (blitz)"]

1. d4 Nf6 2. Bg5 Ne4 3. Bh4 c5 4. f3 g5 5. fxe4 gxh4 6. e3 e6 7. Nc3 Nc6 8. e5
d6 9. exd6 cxd4 10. exd4 Qxd6 11. Nf3 Bg7 12. Ne4 Qb4+ 13. c3 Qxb2 14. Rb1 Qxa2
15. Nd6+ Ke7 16. Nxc8+ Rhxc8 17. Rxb7+ Kf8 18. Bd3 Na5 19. Rb5 Rxc3 20. O-O Qa3
21. Be4 Rd8 22. Ng5 Kg8 23. Bxh7+ Kh8 24. Qh5 Bxd4+ 25. Kh1 Rc1 26. Bg8+ Kg7 27.
Qh7+ 1-0

[Event "European Blitz 2015"]
[Site "Minsk BLR"]
[Date "2015.12.18"]
[Round "16.29"]
[White "Shevchenko, Kirill"]
[Black "Zakhartsov, Vladimir"]
[Result "0-1"]
[WhiteTitle "FM"]
[BlackTitle "IM"]
[WhiteElo "2373"]
[BlackElo "2462"]
[WhiteFideId "14129574"]
[BlackFideId "4145097"]
[EventDate "2015.12.18"]
[EventType "swiss (blitz)"]

1. e4 c5 2. Nf3 d6 3. d4 Nf6 4. Nc3 cxd4 5. Nxd4 a6 6. Be3 e5 7. Nf3 Be7 8. Bc4
O-O 9. O-O Nbd7 10. a4 b6 11. Qe2 Bb7 12. Nd2 Nc5 13. f3 d5 14. exd5 Nxd5 15.
Nxd5 Bxd5 16. Rfd1 Bxc4 17. Nxc4 Qc7 18. a5 b5 19. Nb6 Rad8 20. Nd5 Qb7 21. c4
Nb3 22. Rab1 b4 23. Bb6 Rde8 24. Qe3 Nd4 25. Bxd4 exd4 26. Qxd4 Qc6 27. Qd3 Bc5+
28. Kh1 Re6 29. Re1 Rfe8 30. Qd2 Qb7 31. b3 h6 32. h3 Qb8 33. Rbd1 Qg3 34. Rxe6
Rxe6 35. f4 Qxb3 36. f5 Re4 37. f6 Rd4 38. Ne7+ Kh7 39. Qxd4 Bxd4 40. Rxd4 gxf6
41. c5 Qa3 42. c6 Qa1+ 43. Kh2 Qxd4 44. c7 Qd6+ 0-1

[Event "European Blitz 2015"]
[Site "Minsk BLR"]
[Date "2015.12.18"]
[Round "16.31"]
[White "Razin, Vadim"]
[Black "Makovskis, Georgijs"]
[Result "0-1"]
[WhiteElo "2345"]
[BlackElo "2236"]
[WhiteFideId "14119463"]
[BlackFideId "11601132"]
[EventDate "2015.12.18"]
[EventType "swiss (blitz)"]

1. d4 Nf6 2. Nf3 g6 3. Bg5 Bg7 4. Nbd2 d5 5. e3 O-O 6. Bd3 c5 7. c3 Nc6 8. O-O
Bg4 9. h3 Bxf3 10. Nxf3 cxd4 11. exd4 e6 12. Ne5 Qc7 13. Qe2 a6 14. Rae1 Nxe5
15. dxe5 Nd7 16. f4 Rfe8 17. Bh4 b5 18. Bf2 Bf8 19. h4 h5 20. g4 hxg4 21. Qxg4
Bc5 22. h5 Nf8 23. hxg6 fxg6 24. Bxg6 Re7 25. Kh2 Rg7 26. Bxc5 Qxc5 27. f5 exf5
28. Rxf5 Nxg6 29. Rg1 Re8 30. Rg5 Qf2+ 31. Rg2 Rh7+ 32. Rh5 Rxh5+ 33. Qxh5 Qxg2+ 0-1

[Event "European Blitz 2015"]
[Site "Minsk BLR"]
[Date "2015.12.18"]
[Round "16.32"]
[White "Fomin, Taras"]
[Black "Huzman, Alexander"]
[Result "0-1"]
[BlackTitle "GM"]
[WhiteElo "2312"]
[BlackElo "2581"]
[WhiteFideId "4120604"]
[BlackFideId "2803828"]
[EventDate "2015.12.18"]
[EventType "swiss (blitz)"]

1. e4 e6 2. Qe2 c5 3. Nf3 Nc6 4. g3 g6 5. Bg2 Bg7 6. O-O Nge7 7. d3 O-O 8. c3 d6
9. Na3 e5 10. Nc4 b5 11. Ne3 h6 12. Nd5 Nxd5 13. exd5 Ne7 14. c4 bxc4 15. dxc4
f5 16. Rb1 a5 17. Bd2 Ba6 18. Ne1 Rb8 19. Bc3 e4 20. Bxg7 Kxg7 21. Qc2 Ng8 22.
Qc3+ Nf6 23. Nc2 Qb6 24. b3 Rbe8 25. Ne3 Kh7 26. h3 Qd8 27. Rfe1 Nh5 28. Nf1 Bc8
29. a3 Rf7 30. b4 axb4 31. axb4 cxb4 32. Rxb4 f4 33. Rxe4 Rxe4 34. Bxe4 Bxh3 35.
Nd2 fxg3 36. fxg3 Qg5 37. Rb8 Ng7 38. Qd3 h5 39. Bg2 Bf5 40. Ne4 Bxe4 41. Bxe4
Rf6 42. Kg2 h4 43. c5 Nh5 44. Rb7+ Kh6 45. Rb8 0-1

[Event "European Blitz 2015"]
[Site "Minsk BLR"]
[Date "2015.12.18"]
[Round "16.33"]
[White "Kocheev, Aleksandr"]
[Black "Zubritskiy, Artyom"]
[Result "0-1"]
[BlackTitle "FM"]
[WhiteElo "2355"]
[BlackElo "2422"]
[WhiteFideId "13507842"]
[BlackFideId "4181247"]
[EventDate "2015.12.18"]
[EventType "swiss (blitz)"]

1. e4 c5 2. Nf3 d6 3. c3 Nf6 4. Be2 Nbd7 5. d3 Qc7 6. O-O g6 7. Re1 Bg7 8. Bf1
O-O 9. d4 e5 10. dxc5 Nxc5 11. Bd3 d5 12. Bc2 dxe4 13. Ng5 Bg4 14. Qd2 Rad8 15.
Qe3 Nd3 16. Rf1 Qc6 17. Nd2 Bf5 18. h3 Nd5 19. Qg3 N5f4 20. Kh1 Nxc1 0-1

[Event "European Blitz 2015"]
[Site "Minsk BLR"]
[Date "2015.12.18"]
[Round "16.34"]
[White "Sharafiev, Azat"]
[Black "Kashtanov, Ruslan"]
[Result "1-0"]
[WhiteTitle "IM"]
[BlackTitle "IM"]
[WhiteElo "2420"]
[BlackElo "2346"]
[WhiteFideId "4186214"]
[BlackFideId "4124871"]
[EventDate "2015.12.18"]
[EventType "swiss (blitz)"]

1. Nf3 Nf6 2. c4 g6 3. g3 Bg7 4. Bg2 O-O 5. O-O c5 6. d4 cxd4 7. Nxd4 d5 8. cxd5
Nxd5 9. Nc3 Nxc3 10. bxc3 Nc6 11. Be3 Na5 12. Qa4 Bd7 13. Qb4 Rc8 14. Rfd1 b6
15. Bg5 Rc5 16. h4 h6 17. Be3 Qe8 18. Rac1 Nc4 19. Nc2 Nxe3 20. Nxe3 Be6 21. Nd5
Bxd5 22. Bxd5 e6 23. Be4 Qc8 24. c4 Qc7 25. Qa4 Ra5 26. Qc2 Rd8 27. Rxd8+ Qxd8
28. Bf3 Qc7 29. h5 g5 30. e3 Rc5 31. Be2 Rc6 32. Qe4 Rd6 33. g4 Qc6 34. Qc2 Rd8
35. Rd1 Qc7 36. Rxd8+ Qxd8 37. Qa4 Qe7 38. Qc6 Be5 39. Qe4 Bg7 40. Bd3 Qc7 41.
Qa8+ Bf8 42. Kg2 a5 43. Qe4 Bg7 44. Kh3 Qb8 45. f4 gxf4 46. exf4 Qd6 47. g5 Kf8
48. g6 fxg6 49. Qa8+ Ke7 50. Bxg6 Qd7 51. Qe4 Kf6 52. Qe5+ Ke7 1-0

[Event "European Blitz 2015"]
[Site "Minsk BLR"]
[Date "2015.12.18"]
[Round "16.35"]
[White "Stupak, Kirill"]
[Black "Gurvich, Vitaly"]
[Result "1-0"]
[WhiteTitle "GM"]
[BlackTitle "FM"]
[WhiteElo "2542"]
[BlackElo "2308"]
[WhiteFideId "13503758"]
[BlackFideId "24164852"]
[EventDate "2015.12.18"]
[EventType "swiss (blitz)"]

1. d4 Nf6 2. g3 g6 3. Bg2 d5 4. Nf3 Bg7 5. O-O O-O 6. c4 c6 7. Qb3 dxc4 8. Qxc4
Be6 9. Qb4 Qc7 10. Nc3 Na6 11. Qa3 Nd5 12. e4 Nxc3 13. bxc3 Bc4 14. Re1 e5 15.
Rb1 Rfd8 16. Bg5 Re8 17. dxe5 Bf8 18. Qa4 Be6 19. Qc2 Nc5 20. Bf4 Qa5 21. Ra1 h6
22. Nd4 Bc4 23. h4 Bg7 24. Bf1 Bxf1 25. Rxf1 Bxe5 26. Bxh6 Bxd4 27. cxd4 Nxe4
28. Rab1 Qc7 29. Bf4 Qd7 30. Qb3 b5 31. Rbd1 Qd5 32. Rc1 Rac8 33. Be3 a5 34. Rb1
a4 35. Qxd5 cxd5 36. Rxb5 Rc2 37. Rxd5 Rxa2 38. Bf4 a3 39. Ra5 Nc3 40. Kg2 Ne2
41. Be5 Nc3 42. Bf4 Ne2 43. Bd6 Nxd4 44. Rxa3 Rxa3 1-0

[Event "European Blitz 2015"]
[Site "Minsk BLR"]
[Date "2015.12.18"]
[Round "16.36"]
[White "Harutjunyan, Gevorg"]
[Black "Tsyhanchuk, Stanislav"]
[Result "1-0"]
[WhiteTitle "GM"]
[BlackTitle "IM"]
[WhiteElo "2436"]
[BlackElo "2362"]
[WhiteFideId "13300873"]
[BlackFideId "13505130"]
[EventDate "2015.12.18"]
[EventType "swiss (blitz)"]

1. e4 Nf6 2. Nc3 d5 3. exd5 Nxd5 4. Bc4 c6 5. d4 g6 6. Nf3 Bg7 7. h3 O-O 8. O-O
a5 9. Re1 Nb6 10. Bf1 N8d7 11. Bg5 Nf6 12. Qd2 Be6 13. Rxe6 fxe6 14. Re1 Nfd5
15. Rxe6 Nxc3 16. bxc3 Nd5 17. c4 Nf6 18. Qe3 Re8 19. Bf4 Qd7 20. g4 Rad8 21.
Bg2 a4 22. Qe1 a3 23. Re2 e6 24. Bg3 c5 25. dxc5 Qd1 26. Ng5 Qxe1+ 27. Rxe1 Rd2
28. Bxb7 Rxc2 29. c6 Rxc4 30. Rxe6 Rxe6 31. Nxe6 Nd5 32. c7 Nxc7 33. Nxc7 Rc1+
34. Kg2 Rc2 35. Bd5+ Kh8 36. Ne6 Rd2 37. Bb3 Bb2 38. Nc5 Bd4 39. Ne4 Rb2 40. Bd5
Rb5 41. Bf7 Kg7 42. Nd6 Rb2 43. Bd5 Rd2 44. Bc4 Bxf2 45. Bxf2 Rxd6 46. Kf3 Rd2
47. Be6 Rb2 48. Bd4+ Kf8 49. Bc5+ Kg7 50. Bxa3 Rh2 51. Kg3 Re2 52. Bb3 Re3+ 53.
Kg2 Re2+ 54. Kf3 Rh2 55. Kg3 Re2 56. Bc5 h5 57. gxh5 gxh5 58. a4 Kg6 59. a5 Re5
60. Bb6 Rg5+ 61. Kf4 Rg2 62. a6 Rb2 63. a7 Rxb3 64. Ba5 Rxh3 65. a8=Q Rh4+ 66.
Ke5 Rg4 67. Qg8+ 1-0

[Event "European Blitz 2015"]
[Site "Minsk BLR"]
[Date "2015.12.18"]
[Round "16.37"]
[White "Meribanov, Vitaly"]
[Black "Skliarov, Viktor"]
[Result "0-1"]
[WhiteTitle "IM"]
[BlackTitle "FM"]
[WhiteElo "2392"]
[BlackElo "2420"]
[WhiteFideId "13504363"]
[BlackFideId "14106736"]
[EventDate "2015.12.18"]
[EventType "swiss (blitz)"]

1. e4 c5 2. Nc3 Nc6 3. Nf3 Nf6 4. Bb5 Nd4 5. e5 Nxb5 6. Nxb5 Nd5 7. Ng5 f6 8.
Nf3 a6 9. Nc3 Nxc3 10. dxc3 e6 11. exf6 Qxf6 12. Bg5 Qf5 13. Qd2 h6 14. Bf4 Qe4+
15. Be3 Be7 16. O-O-O O-O 17. Rhe1 Qf5 18. h3 d6 19. Nh2 e5 20. Ng4 Qg6 21. f4
Bxg4 22. hxg4 exf4 23. Bxf4 Rae8 24. Bxd6 Bg5 25. Bxf8 Bxd2+ 26. Kxd2 Qg5+ 27.
Kd3 Qd5# 0-1

[Event "European Blitz 2015"]
[Site "Minsk BLR"]
[Date "2015.12.18"]
[Round "16.38"]
[White "Belyakov, Bogdan"]
[Black "Bulanov, Dmitri"]
[Result "0-1"]
[WhiteTitle "IM"]
[BlackTitle "FM"]
[WhiteElo "2511"]
[BlackElo "2369"]
[WhiteFideId "24104795"]
[BlackFideId "13506382"]
[EventDate "2015.12.18"]
[EventType "swiss (blitz)"]

1. e4 Nf6 2. Nc3 d5 3. exd5 Nxd5 4. Nf3 Nc6 5. Bb5 e6 6. O-O Be7 7. Nd4 Bd7 8.
Nxc6 bxc6 9. Be2 O-O 10. Ne4 f5 11. Ng3 c5 12. Re1 Bc6 13. Bf1 Qd6 14. d3 Bf6
15. Rb1 Rae8 16. a3 g6 17. c4 Nf4 18. b4 Bd4 19. Be3 e5 20. Qd2 Ne6 21. Ne2 f4
22. Bxd4 cxd4 23. f3 Ng7 24. b5 Bd7 25. Qb4 Nf5 26. Qxd6 cxd6 27. a4 Ne3 28.
Rec1 g5 29. h3 Rc8 30. a5 h5 31. Kf2 Kf7 32. b6 axb6 33. Rxb6 Ke7 34. a6 Rb8 35.
Rcb1 Rxb6 36. Rxb6 Ra8 37. Nc1 Ba4 38. Be2 Kd7 39. Na2 Kc7 40. Rb7+ Kc8 41. Rb6
Kc7 42. Rb7+ Kc8 43. Rb6 Nf5 44. Nb4 Ra7 45. Nd5 Bd7 46. Bd1 Be6 47. Ba4 Bxd5
48. cxd5 Kc7 49. Rc6+ Kb8 50. Bb5 Rc7 51. Rb6+ Ka7 52. Rc6 Kb8 53. Rb6+ Ka7 54.
Rc6 Rxc6 55. dxc6 Kb6 56. Ke2 Ne7 57. Ba4 Nxc6 58. a7 Nxa7 59. Be8 h4 60. Kd2
Kc5 61. Kc2 Nc6 62. Bf7 Nb4+ 63. Kd2 Nd5 64. Ke2 Ne3 65. Kf2 Kb4 66. Bg6 Kc3 67.
Bh7 Kd2 68. Bg6 Nc2 69. Bh7 Nb4 70. Kf1 Nxd3 71. Bg8 Ke3 72. Bc4 Nc5 73. Bb5 d3
74. Ke1 Ne6 75. Ba4 Nd4 76. Kf1 Nc2 77. Bb3 Nd4 78. Ba4 Ne2 79. Ke1 Nc3 80. Bb3
d2+ 81. Kf1 d1=Q+ 82. Bxd1 Nxd1 83. Ke1 Nc3 84. Kf1 d5 85. g4 hxg3 86. Kg2 d4
87. h4 gxh4 0-1

[Event "European Blitz 2015"]
[Site "Minsk BLR"]
[Date "2015.12.18"]
[Round "16.39"]
[White "Dubrovin, Robert"]
[Black "Karpov, Vadim"]
[Result "0-1"]
[BlackTitle "IM"]
[WhiteElo "2223"]
[BlackElo "2377"]
[WhiteFideId "4501829"]
[BlackFideId "4155025"]
[EventDate "2015.12.18"]
[EventType "swiss (blitz)"]

1. c4 e6 2. Nc3 d5 3. d4 Nf6 4. cxd5 exd5 5. Bg5 c6 6. e3 Be7 7. Qc2 Nbd7 8. Bd3
Nh5 9. Bxe7 Qxe7 10. Nge2 g6 11. O-O-O Nb6 12. Kb1 Be6 13. a3 O-O-O 14. h3 Kb8
15. g4 Ng7 16. Nf4 Ne8 17. Rc1 Nd6 18. Na4 Nxa4 19. Qxa4 Bc8 20. Qb4 Ka8 21. Ka2
h5 22. gxh5 g5 23. Ne2 Rxh5 24. Ng3 Rxh3 25. Rxh3 Bxh3 26. Rh1 Bc8 27. Rh7 Qf6
28. Qd2 Rh8 29. Nh5 Qd8 30. Rxh8 Qxh8 31. Qe2 f5 32. Qf3 Ne4 33. Ng3 Qf6 34. Nh5
Qf7 35. Ng3 Be6 36. Kb1 Nd2+ 0-1

[Event "European Blitz 2015"]
[Site "Minsk BLR"]
[Date "2015.12.18"]
[Round "16.40"]
[White "Kuzin, Anton"]
[Black "Kanter, Eduard"]
[Result "1-0"]
[WhiteTitle "IM"]
[BlackTitle "IM"]
[WhiteElo "2409"]
[BlackElo "2353"]
[WhiteFideId "4148410"]
[BlackFideId "4103963"]
[EventDate "2015.12.18"]
[EventType "swiss (blitz)"]

1. d4 Nf6 2. Nf3 g6 3. Nc3 d5 4. Bf4 Bg7 5. e3 O-O 6. Be2 b6 7. Ne5 c5 8. h4 Ba6
9. h5 Bxe2 10. Qxe2 Nxh5 11. Rxh5 gxh5 12. Qxh5 e6 13. O-O-O Qf6 14. Rh1 h6 15.
g4 cxd4 16. Ne2 dxe3 17. fxe3 Nd7 18. g5 Qf5 19. Nxd7 Rfc8 20. c3 hxg5 1-0

[Event "European Blitz 2015"]
[Site "Minsk BLR"]
[Date "2015.12.18"]
[Round "16.41"]
[White "Kochetkov, Vitali"]
[Black "Przybylski, Wojciech"]
[Result "0-1"]
[BlackTitle "FM"]
[WhiteElo "2266"]
[BlackElo "2337"]
[WhiteFideId "13502735"]
[BlackFideId "1117599"]
[EventDate "2015.12.18"]
[EventType "swiss (blitz)"]

1. e4 e5 2. Nf3 Nc6 3. Bb5 Nf6 4. d3 d6 5. h3 Be7 6. c3 O-O 7. O-O a6 8. Ba4 b5
9. Bc2 d5 10. Nbd2 Re8 11. Re1 Bb7 12. Nf1 dxe4 13. dxe4 Qxd1 14. Rxd1 Rad8 15.
Be3 h6 16. Ng3 Bf8 17. a4 g6 18. axb5 axb5 19. Bb3 Kg7 20. Bd5 Bd6 21. Ne2 Ra8
22. Nd2 Nxd5 23. exd5 Ne7 24. Ne4 Bxd5 25. Nxd6 cxd6 26. f4 Bc4 27. Ng3 Nd5 28.
Bd2 Rxa1 29. Rxa1 exf4 30. Nh1 Re2 31. Be1 Ne3 32. Nf2 Nc2 0-1

[Event "European Blitz 2015"]
[Site "Minsk BLR"]
[Date "2015.12.18"]
[Round "16.42"]
[White "Matinian, Nikita"]
[Black "Sudakova, Irina"]
[Result "1/2-1/2"]
[WhiteTitle "IM"]
[BlackTitle "WGM"]
[WhiteElo "2470"]
[BlackElo "2356"]
[WhiteFideId "24129100"]
[BlackFideId "4129903"]
[EventDate "2015.12.18"]
[EventType "swiss (blitz)"]

1. d4 d5 2. c4 e6 3. Nc3 c6 4. e3 f5 5. Bd3 Nf6 6. Nge2 Bd6 7. a3 O-O 8. Qc2 Ne4
9. Bd2 Nd7 10. h4 Ndf6 11. f3 Ng3 12. Rh3 Nfh5 13. O-O-O Qe7 14. Nxg3 Nxg3 15.
h5 Bd7 16. f4 Ne4 17. Nxe4 dxe4 18. Be2 c5 19. dxc5 Bxc5 20. g4 Qe8 21. Kb1 Ba4
22. b3 Bc6 23. Bc1 a5 24. h6 g6 25. Qc3 Qe7 26. Bb2 Kf7 27. g5 Bxa3 28. Bxa3
Qxa3 29. Qf6+ Ke8 30. Qxe6+ Qe7 31. Qxe7+ Kxe7 32. Rhh1 Rfd8 33. Rxd8 Rxd8 34.
Rd1 1/2-1/2